| 000 | 00000nam 2200000zi 4500 |
| 001 | 9.932989 |
| 003 | CaOODSP |
| 005 | 20250107144059 |
| 006 | m o d f |
| 007 | cr mn||||||||| |
| 008 | 240126t20242024oncd obs f000 0 eng d |
| 020 | |a9780660698243 |
| 040 | |aCaOODSP|beng|erda|cCaOODSP |
| 043 | |an-cn--- |
| 086 | 1 |aCS412-00002/2024-1E-PDF |
| 100 | 1 |aHahmann, Tara, |eauthor. |
| 245 | 00|aIndigenous foster children living in private households : |brates and sociodemographic characteristics of foster children and their households / |cby Tara Hahmann, Hyunji Lee and Sylvie Godin. |
| 264 | 1|a[Ottawa] : |bStatistics Canada = Statistique Canada, |c2024. |
| 264 | 4|c©2024 |
| 300 | |a1 online resource (22 pages) : |bgraphs |
| 336 | |atext|btxt|2rdacontent |
| 337 | |acomputer|bc|2rdamedia |
| 338 | |aonline resource|bcr|2rdacarrier |
| 500 | |aCover title. |
| 500 | |a"Release date: April 18, 2024." |
| 500 | |aIssued also in French under title: Enfants autochtones en famille d'accueil vivant dans des ménages privés : taux et caractéristiques sociodémographiques des enfants en famille d’accueil et des ménages. |
| 504 | |aIncludes bibliographical references (pages 20-22). |
| 520 | |a"Indigenous children are vastly overrepresented among foster children in Canada. In 2021, Indigenous children accounted for 7.7% of all children under age 15 in the general population, but 53.8% of children in foster care (Statistics Canada, 2022). The National Centre for Truth and Reconciliation (2021) has reported on how this overrepresentation within the child welfare system is a legacy of the residential school system and a perpetuation of a history of colonial policies and practices that have separated Indigenous children from their families and communities"--Introduction, page 3. |
| 650 | 0|aIndigenous children|zCanada|xSocial conditions|vStatistics. |
| 650 | 0|aFoster home care|zCanada|vStatistics. |
| 655 | 7|aStatistics|2lcgft |
| 710 | 2 |aStatistics Canada, |eissuing body. |
| 775 | 08|tEnfants autochtones en famille d'accueil vivant dans des ménages privés : |w(CaOODSP)9.932990 |
| 856 | 40|qPDF|s512 KB|uhttps://publications.gc.ca/collections/collection_2024/statcan/41-20-0002/412000022024001-eng.pdf |
| 856 | 4 |qHTML|sN/A|uhttps://www150.statcan.gc.ca/n1/pub/41-20-0002/412000022024001-eng.htm |
| 986 | |a41-20-0002 |